[Event "DVM U16 2020"]
[Site "Willingen GER"]
[Date "2021.06.26"]
[Round "6"]
[White "Wang, Xinyuan"]
[Black "Hassemeier, Mika"]
[Result "1-0"]
[Termination "normal"]
[Board "8.1"]
[WhiteElo "1759"]
[BlackElo "2072"]
[WhiteClock "00:31:28"]
[BlackClock "00:14:59"]
[WhiteTeam "Karlsruher SF 1853"]
[BlackTeam "FVS ASP Hoyerswerda"]
[PlyCount "55"]
[WhiteFideId "16221494"]
[BlackFideId "12994880"]
[EventCountry "GER"]
[EventRounds "7"]
[EventType "team-swiss"]
[EventDate "2021.06.23"]

1. d4 {[%clk 1:30:52]} 1... g6 {[%clk 1:30:54]} 2. c4 {[%clk 1:31:03]} 2... Bg7
{[%clk 1:31:10]} 3. Nc3 {[%clk 1:31:17]} 3... d6 {[%clk 1:31:33]} 4. e4 { [%clk
1:31:32]} 4... Nc6 {[%clk 1:31:01]} 5. Be3 {[%clk 1:31:47]} 5... e5 { [%clk
1:31:20]} 6. Nge2 {[%clk 1:31:22]} 6... exd4 {[%clk 1:30:57]} 7. Nxd4 { [%clk
1:31:43]} 7... Nge7 {[%clk 1:31:18]} 8. Qd2 {[%clk 1:31:18]} 8... O-O { [%clk
1:31:22]} 9. Be2 {[%clk 1:29:54]} 9... f5 {[%clk 1:26:44]} 10. exf5 { [%clk
1:29:49]} 10... Bxd4 {[%clk 1:25:39]} 11. Bxd4 {[%clk 1:29:28]} 11... Nxf5
{[%clk 1:25:59]} 12. Be3 {[%clk 1:29:28]} 12... Nxe3 {[%clk 1:25:12]} 13. Qxe3
{[%clk 1:29:39]} 13... Qf6 {[%clk 1:19:13]} 14. O-O {[%clk 1:26:47]} 14... Bf5
{[%clk 1:14:16]} 15. Qd2 {[%clk 1:17:46]} 15... Rae8 {[%clk 1:00:42]} 16. Bf3
{[%clk 1:00:43]} 16... Ne5 {[%clk 0:57:30]} 17. Bxb7 {[%clk 0:56:53]} 17...
Nxc4 {[%clk 0:57:43]} 18. Bd5+ {[%clk 0:56:16]} 18... Be6 {[%clk 0:58:02]} 19.
Qc2 {[%clk 0:55:56]} 19... Ne5 {[%clk 0:33:08]} 20. Rae1 {[%clk 0:49:12]} 20...
Qh4 {[%clk 0:25:29]} 21. Bxe6+ {[%clk 0:41:30]} 21... Kh8 {[%clk 0:18:39]} 22.
Bb3 {[%clk 0:34:22]} 22... Ng4 {[%clk 0:16:23]} 23. h3 {[%clk 0:34:07]} 23...
Rxe1 {[%clk 0:16:27]} 24. Rxe1 {[%clk 0:34:31]} 24... Rxf2 {[%clk 0:15:02]} 25.
Re8+ {[%clk 0:33:51]} 25... Kg7 {[%clk 0:14:58]} 26. Rg8+ {[%clk 0:34:10]}
26... Kh6 {[%clk 0:14:52]} 27. Qc1+ {[%clk 0:34:25]} 27... g5 {[%clk 0:14:59]}
28. hxg4 {[%clk 0:31:28]} 1-0

[Event "DVM U16 2020"]
[Site "Willingen GER"]
[Date "2021.06.26"]
[Round "6"]
[White "Schuh, Robert"]
[Black "Kravtsov, Maksim"]
[Result "0-1"]
[Termination "normal"]
[Board "8.2"]
[WhiteElo "1588"]
[BlackElo "1805"]
[WhiteClock "00:04:30"]
[BlackClock "00:38:59"]
[WhiteTeam "FVS ASP Hoyerswerda"]
[BlackTeam "Karlsruher SF 1853"]
[PlyCount "74"]
[WhiteFideId "16215990"]
[BlackFideId "54173868"]
[EventCountry "GER"]
[EventRounds "7"]
[EventType "team-swiss"]
[EventDate "2021.06.23"]

1. d4 {[%clk 1:30:58]} 1... Nf6 {[%clk 1:27:47]} 2. c4 {[%clk 1:31:06]} 2... e6
{[%clk 1:27:59]} 3. Nc3 {[%clk 1:31:26]} 3... d5 {[%clk 1:27:57]} 4. e3 { [%clk
1:29:27]} 4... Nbd7 {[%clk 1:27:42]} 5. Nf3 {[%clk 1:29:01]} 5... Be7 { [%clk
1:27:44]} 6. Be2 {[%clk 1:29:17]} 6... O-O {[%clk 1:28:04]} 7. Qc2 { [%clk
1:29:23]} 7... b6 {[%clk 1:27:51]} 8. O-O {[%clk 1:29:08]} 8... Bb7 { [%clk
1:27:59]} 9. b3 {[%clk 1:27:10]} 9... Ne4 {[%clk 1:27:35]} 10. Nd2 { [%clk
1:14:43]} 10... Ndf6 {[%clk 1:27:10]} 11. Ncxe4 {[%clk 1:13:28]} 11... dxe4
{[%clk 1:27:09]} 12. Bb2 {[%clk 1:11:50]} 12... c5 {[%clk 1:24:31]} 13. dxc5
{[%clk 1:11:23]} 13... Bxc5 {[%clk 1:24:21]} 14. Rac1 {[%clk 1:05:41]} 14...
Qe7 {[%clk 1:23:01]} 15. Bxf6 {[%clk 1:04:46]} 15... Qxf6 {[%clk 1:23:29] } 16.
Nxe4 {[%clk 1:02:55]} 16... Qg6 {[%clk 1:23:29]} 17. Ng3 {[%clk 1:03:14]} 17...
f5 {[%clk 1:23:41]} 18. Bf3 {[%clk 0:57:47]} 18... Bxf3 {[%clk 1:23:48]} 19.
gxf3 {[%clk 0:58:06]} 19... e5 {[%clk 1:17:53]} 20. Kh1 {[%clk 0:51:49]} 20...
Rf6 {[%clk 1:09:07]} 21. Qd3 {[%clk 0:46:06]} 21... Kh8 {[%clk 1:08:19]} 22.
Rcd1 {[%clk 0:38:01]} 22... Raf8 {[%clk 1:05:42]} 23. f4 {[%clk 0:26:37]} 23...
exf4 {[%clk 1:03:07]} 24. exf4 {[%clk 0:26:55]} 24... Qg4 {[%clk 0:59:13] } 25.
Qe2 {[%clk 0:21:27]} 25... Qh4 {[%clk 0:59:33]} 26. Qf3 {[%clk 0:20:35]} 26...
Rh6 {[%clk 0:59:36]} 27. Qg2 {[%clk 0:20:58]} 27... Qxf4 {[%clk 0:59:51]} 28.
Rd7 {[%clk 0:20:27]} 28... Rg6 {[%clk 0:59:44]} 29. f3 {[%clk 0:17:10]} 29...
Bd6 {[%clk 0:55:12]} 30. Rxa7 {[%clk 0:15:44]} 30... h5 {[%clk 0:48:11]} 31.
Ra4 {[%clk 0:11:23]} 31... Qg5 {[%clk 0:42:07]} 32. Rg1 {[%clk 0:11:12]} 32...
Bc5 {[%clk 0:41:55]} 33. Rd1 {[%clk 0:09:18]} 33... f4 {[%clk 0:38:04]} 34. Rd5
{[%clk 0:09:43]} 34... Qf6 {[%clk 0:38:33]} 35. Rxh5+ {[%clk 0:10:04]} 35...
Kg8 {[%clk 0:38:59]} 36. Rxc5 {[%clk 0:08:18]} 36... bxc5 {[%clk 0:38:59] } 37.
Nh5 {[%clk 0:04:30]} 37... Qa1+ 0-1

[Event "DVM U16 2020"]
[Site "Willingen GER"]
[Date "2021.06.26"]
[Round "6"]
[White "Borodaev, Roman"]
[Black "Wende, Hugo"]
[Result "1-0"]
[Termination "normal"]
[Board "8.3"]
[WhiteElo "1657"]
[BlackElo "1599"]
[WhiteClock "00:41:16"]
[BlackClock "00:58:00"]
[WhiteTeam "Karlsruher SF 1853"]
[BlackTeam "FVS ASP Hoyerswerda"]
[PlyCount "53"]
[WhiteFideId "16274881"]
[BlackFideId "16220030"]
[EventCountry "GER"]
[EventRounds "7"]
[EventType "team-swiss"]
[EventDate "2021.06.23"]

1. e4 {[%clk 1:30:59]} 1... c5 2. Nf3 {[%clk 1:31:24]} 2... d6 {[%clk 1:31:15]}
3. d4 {[%clk 1:32:16]} 3... cxd4 {[%clk 1:31:38]} 4. Nxd4 {[%clk 1:32:35]} 4...
Nf6 {[%clk 1:31:55]} 5. Nc3 {[%clk 1:32:25]} 5... g6 {[%clk 1:31:29]} 6. Bc4 {
[%clk 1:32:25]} 6... Bg7 {[%clk 1:31:13]} 7. f3 {[%clk 1:32:45]} 7... O-O {
[%clk 1:30:24]} 8. Be3 {[%clk 1:33:08]} 8... Nc6 {[%clk 1:29:00]} 9. Qd2 {
[%clk 1:32:40]} 9... a6 {[%clk 1:25:18]} 10. O-O-O {[%clk 1:30:40]} 10... Bd7 {
[%clk 1:23:33]} 11. Nxc6 {[%clk 1:27:02]} 11... bxc6 {[%clk 1:22:53]} 12. Bh6
12... Rb8 {[%clk 1:23:17]} 13. Bxg7 {[%clk 1:25:23]} 13... Kxg7 {[%clk 1:15:10]
} 14. g4 {[%clk 1:14:22]} 14... Qb6 15. b3 {[%clk 1:13:36]} 15... Qb4 { [%clk
1:13:20]} 16. h4 16... Qa3+ {[%clk 1:08:41]} 17. Kb1 {[%clk 1:13:55]} 17... h5
{[%clk 1:07:14]} 18. gxh5 {[%clk 1:11:12]} 18... Nxh5 {[%clk 1:07:34]} 19. Rhg1
{[%clk 1:10:40]} 19... d5 {[%clk 1:02:39]} 20. exd5 20... cxd5 { [%clk
1:02:40]} 21. Qxd5 {[%clk 1:04:55]} 21... Nf6 22. Qe5 {[%clk 0:48:12]} 22...
Bf5 {[%clk 1:01:12]} 23. Qxf5 {[%clk 0:47:02]} 23... Kh7 24. Qg5 24... Rg8
{[%clk 0:57:36]} 25. Bxf7 {[%clk 0:41:00]} 25... Rg7 26. Bxg6+ { [%clk
0:41:03]} 26... Kh8 {[%clk 0:58:00]} 27. Qh6+ {[%clk 0:41:16]} 1-0

[Event "DVM U16 2020"]
[Site "Willingen GER"]
[Date "2021.06.26"]
[Round "6"]
[White "Friedrich, Eddie"]
[Black "Gülsen, Sinan Yilmaz"]
[Result "1/2-1/2"]
[Termination "normal"]
[Board "8.4"]
[WhiteElo "1550"]
[BlackElo "1357"]
[WhiteClock "00:30:23"]
[BlackClock "00:09:05"]
[WhiteTeam "FVS ASP Hoyerswerda"]
[BlackTeam "Karlsruher SF 1853"]
[PlyCount "116"]
[WhiteFideId "16274946"]
[BlackFideId "34606017"]
[EventCountry "GER"]
[EventRounds "7"]
[EventType "team-swiss"]
[EventDate "2021.06.23"]

1. d4 {[%clk 1:30:57]} 1... Nf6 {[%clk 1:30:48]} 2. c4 {[%clk 1:31:19]} 2... e6
{[%clk 1:31:06]} 3. Nc3 {[%clk 1:31:34]} 3... Bb4 {[%clk 1:30:57]} 4. Qc2 {
[%clk 1:31:39]} 4... d5 {[%clk 1:28:44]} 5. e3 {[%clk 1:29:22]} 5... c6 { [%clk
1:28:24]} 6. Bd2 {[%clk 1:28:55]} 6... Bd6 {[%clk 1:25:21]} 7. Nf3 { [%clk
1:28:53]} 7... Nbd7 {[%clk 1:24:28]} 8. Bd3 {[%clk 1:28:09]} 8... Bc7 { [%clk
1:20:44]} 9. h3 {[%clk 1:27:48]} 9... dxc4 {[%clk 1:18:16]} 10. Bxc4 { [%clk
1:27:57]} 10... Nb6 {[%clk 1:18:19]} 11. Bd3 {[%clk 1:27:30]} 11... Nbd5 {[%clk
1:15:41]} 12. a3 {[%clk 1:27:14]} 12... Qe7 {[%clk 1:12:52]} 13. Rc1 { [%clk
1:27:01]} 13... h6 {[%clk 1:05:54]} 14. O-O {[%clk 1:25:39]} 14... Nd7 { [%clk
0:58:23]} 15. Rfe1 {[%clk 1:21:32]} 15... Nxc3 {[%clk 0:56:37]} 16. Bxc3 {[%clk
1:21:26]} 16... O-O {[%clk 0:53:12]} 17. Be4 {[%clk 1:10:06]} 17... Nf6 {[%clk
0:43:10]} 18. Bd3 {[%clk 1:09:53]} 18... Nd5 {[%clk 0:40:06]} 19. Bd2 { [%clk
1:09:52]} 19... Rd8 {[%clk 0:35:51]} 20. Red1 {[%clk 1:05:47]} 20... Bb8 {[%clk
0:26:04]} 21. Bf1 {[%clk 1:03:44]} 21... e5 {[%clk 0:25:59]} 22. dxe5 { [%clk
1:02:41]} 22... Bxe5 {[%clk 0:26:18]} 23. Bc4 {[%clk 1:02:35]} 23... Bf6 {[%clk
0:25:16]} 24. Nd4 {[%clk 0:56:47]} 24... Bxd4 {[%clk 0:23:25]} 25. exd4 {[%clk
0:57:10]} 25... Qf6 {[%clk 0:23:26]} 26. Bc3 {[%clk 0:56:55]} 26... Bf5 {[%clk
0:16:51]} 27. Bd3 {[%clk 0:56:34]} 27... Bxd3 {[%clk 0:17:00]} 28. Qxd3 {[%clk
0:56:34]} 28... Re8 {[%clk 0:16:30]} 29. Re1 {[%clk 0:56:48]} 29... Qg5 30. Bd2
{[%clk 0:55:24]} 30... Qf6 {[%clk 0:14:24]} 31. Re4 {[%clk 0:52:22]} 31... Rxe4
{[%clk 0:13:10]} 32. Qxe4 {[%clk 0:52:38]} 32... Qe7 {[%clk 0:12:11] } 33. Re1
{[%clk 0:48:17]} 33... Qxe4 {[%clk 0:12:36]} 34. Rxe4 {[%clk 0:48:36] } 34...
f6 {[%clk 0:12:42]} 35. f3 {[%clk 0:48:46]} 35... Kf7 {[%clk 0:13:01]} 36. Kf2
{[%clk 0:49:10]} 36... Re8 {[%clk 0:12:56]} 37. Ke2 {[%clk 0:48:09]} 37... f5
{[%clk 0:13:07]} 38. Re5 {[%clk 0:47:24]} 38... g5 {[%clk 0:11:35]} 39. Rxe8
{[%clk 0:44:14]} 39... Kxe8 {[%clk 0:11:53]} 40. h4 {[%clk 0:38:35]} 40... Nf4+
{[%clk 0:11:11]} 41. Kf2 {[%clk 0:31:38]} 41... Nd3+ {[%clk 0:10:21] } 42. Ke2
{[%clk 0:31:49]} 42... Nxb2 {[%clk 0:10:27]} 43. hxg5 {[%clk 0:31:59] } 43...
hxg5 {[%clk 0:10:13]} 44. Bxg5 {[%clk 0:32:17]} 44... Nc4 { [%clk 0:10:28]} 45.
Bc1 {[%clk 0:32:20]} 45... Nb6 {[%clk 0:10:42]} 46. Ke3 { [%clk 0:31:28]} 46...
Nd5+ {[%clk 0:11:02]} 47. Kd3 {[%clk 0:31:30]} 47... Ke7 {[%clk 0:11:01]} 48.
Bd2 {[%clk 0:31:00]} 48... Ke6 {[%clk 0:09:57]} 49. Kc4 { [%clk 0:30:34]} 49...
f4 {[%clk 0:09:05]} 50. Kd3 {[%clk 0:30:23]} 50... Kf5 51. Ke2 b6 52. Kd3 b5
53. Ke2 Ke6 54. Kd3 Kf5 55. Ke2 Ke6 56. Kf2 Kf5 57. g3 fxg3+ 58. Kxg3 Nb6
1/2-1/2

[Event "DVM U16 2020"]
[Site "Willingen GER"]
[Date "2021.06.26"]
[Round "6"]
[White "Weishäutel, Moritz"]
[Black "Geltz, Noah"]
[Result "1-0"]
[Termination "normal"]
[Board "9.1"]
[WhiteElo "2207"]
[BlackElo "2087"]
[WhiteTeam "Erfurter Schachklub"]
[BlackTeam "SF HN-Biberach 1978 e.V."]
[PlyCount "123"]
[WhiteFideId "12967300"]
[BlackFideId "16224256"]
[EventCountry "GER"]
[EventRounds "7"]
[EventType "team-swiss"]
[EventDate "2021.06.23"]

1. d4 Nf6 2. Bg5 d5 3. Bxf6 exf6 4. e3 Bd6 5. g3 O-O 6. Bg2 c6 7. Ne2 f5 8. O-O
Nd7 9. b3 Nf6 10. c4 Be6 11. Qd3 dxc4 12. bxc4 Qa5 13. Nbc3 Rfd8 14. Rfd1 Qa6
15. d5 Be5 16. Rab1 Rac8 17. Nd4 cxd5 18. cxd5 Qxd3 19. Rxd3 Nxd5 20. Nxe6 Nxc3
21. Nxd8 Nxb1 22. Bxb7 Rc1+ 23. Kg2 Rc7 24. Bd5 a6 25. Rb3 Rd7 26. Bxf7+ Kf8
27. Rxb1 Rxd8 28. Rb7 Rb8 29. Ra7 a5 30. Be6 Bc3 31. Rc7 Be1 32. Bb3 a4 33.
Rf7+ Ke8 34. Rxg7 Rb4 35. Bc2 Rb2 36. Bxa4+ Kf8 37. Rxh7 Bxf2 38. Bb3 Bxe3+ 39.
Kf3 Bg1 40. Rf7+ Ke8 41. Rxf5 Bxh2 42. g4 Bg1 43. g5 Bd4 44. g6 Rb1 45. Rd5 Bb2
46. Rd1 Rxd1 47. Bxd1 Kf8 48. a4 Bd4 49. Ke4 Bg1 50. Kd5 Kg7 51. Bc2 Bf2 52. a5
Bg1 53. a6 Bf2 54. Kc6 Bg1 55. Kb7 Bf2 56. a7 Bxa7 57. Kxa7 Kh8 58. Kb7 Kg7 59.
Kc7 Kf6 60. Kd6 Kg7 61. Ke7 Kh8 62. Kf6 1-0

[Event "DVM U16 2020"]
[Site "Willingen GER"]
[Date "2021.06.26"]
[Round "6"]
[White "Gerold, Robin"]
[Black "Seinsoth, Paul"]
[Result "1/2-1/2"]
[Termination "normal"]
[Board "9.2"]
[WhiteElo "1438"]
[BlackElo "1737"]
[WhiteTeam "SF HN-Biberach 1978 e.V."]
[BlackTeam "Erfurter Schachklub"]
[PlyCount "148"]
[WhiteFideId "16235185"]
[BlackFideId "12994634"]
[EventCountry "GER"]
[EventRounds "7"]
[EventType "team-swiss"]
[EventDate "2021.06.23"]

1. e4 c5 2. Nf3 d6 3. Bb5+ Bd7 4. Bxd7+ Qxd7 5. b3 Nc6 6. Bb2 Nf6 7. d3 g6 8.
Nc3 Bg7 9. Nd5 O-O 10. O-O Rab8 11. Re1 Nd4 12. Nxf6+ Bxf6 13. Nxd4 Bxd4 14.
Bxd4 cxd4 15. e5 Rbc8 16. Rc1 Rc7 17. a4 Rfc8 18. exd6 Qxd6 19. g3 Rc5 20. Re2
Rh5 21. f4 Qd7 22. Qf1 Rhc5 23. Qf2 e6 24. Re4 Rd5 25. Re2 Rc3 26. Rd1 b5 27.
axb5 Qxb5 28. Rdd2 Qd7 29. Re4 Rcc5 30. Re1 Ra5 31. Re4 Ra1+ 32. Re1 Rda5 33.
Rdd1 R1a2 34. Re2 Rb2 35. Rc1 Raa2 36. Rd2 Qd5 37. Re2 Qc5 38. Kg2 Qc6+ 39. Kh3
Ra5 40. g4 Qd7 41. Kg3 h5 42. h3 Rba2 43. Re4 Rd5 44. Rce1 Raa5 45. Re5 hxg4
46. hxg4 Qc7 47. Rxd5 Rxd5 48. Re2 a5 49. Kg2 Qc6 50. Qf3 Qd6 51. Kg1 Rb5 52.
Rh2 Qb4 53. Kf1 Rb8 54. Qh3 Kf8 55. f5 gxf5 56. gxf5 Ke7 57. Re2 Rf8 58. f6+
Kd7 59. Qf3 Rb8 60. Qh5 Rf8 61. Qh6 a4 62. bxa4 Rg8 63. Qh7 Qb1+ 64. Re1 Rg1+
65. Kxg1 Qxe1+ 66. Kg2 Qe2+ 67. Kg3 Qe3+ 68. Kg4 Qg1+ 69. Kf4 Qe3+ 70. Kg4 Qg1+
71. Kf3 Qe3+ 72. Kg2 Qe2+ 73. Kh3 Qf3+ 74. Kh2 Qf2+ 1/2-1/2

[Event "DVM U16 2020"]
[Site "Willingen GER"]
[Date "2021.06.26"]
[Round "6"]
[White "Nakhle, Fabrice"]
[Black "Martsfeld, Jonas"]
[Result "0-1"]
[Termination "normal"]
[Board "9.3"]
[WhiteElo "1254"]
[BlackElo "1381"]
[WhiteTeam "Erfurter Schachklub"]
[BlackTeam "SF HN-Biberach 1978 e.V."]
[PlyCount "42"]
[WhiteFideId "34606009"]
[BlackFideId "16255640"]
[EventCountry "GER"]
[EventRounds "7"]
[EventType "team-swiss"]
[EventDate "2021.06.23"]

1. e4 e5 2. Nf3 Nc6 3. Bb5 a6 4. Bxc6 dxc6 5. O-O Bd6 6. Re1 Ne7 7. c3 O-O 8.
d4 Ng6 9. Nbd2 Be6 10. Qe2 Qf6 11. Nf1 h6 12. N1d2 Nf4 13. Qf1 b5 14. c4 g5 15.
Nb3 Bxc4 16. dxe5 Bxe5 17. Qxc4 bxc4 18. Nxe5 Qxe5 19. Nd2 Nd3 20. Nf3 Qb5 21.
Nd4 Qb6 0-1

[Event "DVM U16 2020"]
[Site "Willingen GER"]
[Date "2021.06.26"]
[Round "6"]
[White "Iyengar, Sriram"]
[Black "Wildner, Mateo"]
[Result "0-1"]
[Termination "normal"]
[Board "9.4"]
[WhiteElo "1208"]
[BlackElo "1176"]
[WhiteTeam "SF HN-Biberach 1978 e.V."]
[BlackTeam "Erfurter Schachklub"]
[PlyCount "40"]
[WhiteFideId "16269110"]
[BlackFideId "34605991"]
[EventCountry "GER"]
[EventRounds "7"]
[EventType "team-swiss"]
[EventDate "2021.06.23"]

1. e4 c5 2. Nc3 d6 3. f4 g6 4. Bc4 e6 5. Nf3 Nf6 6. O-O a6 7. d3 b5 8. Bb3 Nbd7
9. Qe1 Be7 10. a3 Bb7 11. f5 d5 12. fxe6 fxe6 13. exd5 exd5 14. Bh6 c4 15. Ng5
Qb6+ 16. Kh1 cxb3 17. Qe2 Qd6 18. Rae1 bxc2 19. Qxc2 Ng4 20. Bg7 Qxh2# 0-1

[Event "DVM U16 2020"]
[Site "Willingen GER"]
[Date "2021.06.26"]
[Round "6"]
[White "Danninger, Jannik"]
[Black "Sabirov, Rafael"]
[Result "0-1"]
[Termination "normal"]
[Board "10.1"]
[WhiteElo "1921"]
[BlackElo "1635"]
[WhiteTeam "TV Tegernsee"]
[BlackTeam "Schachgemeinschaft Porz e. V."]
[PlyCount "88"]
[WhiteFideId "16226402"]
[BlackFideId "16241185"]
[EventCountry "GER"]
[EventRounds "7"]
[EventType "team-swiss"]
[EventDate "2021.06.23"]

1. e4 c5 2. Nf3 e6 3. d4 cxd4 4. Nxd4 a6 5. Nc3 Qc7 6. Bd3 Nf6 7. O-O d6 8. Be3
Nbd7 9. Nb3 b5 10. f4 Bb7 11. a3 Be7 12. g4 h5 13. g5 Ng4 14. Qf3 Nxe3 15. Qxe3
Nc5 16. Nxc5 Qxc5 17. Qxc5 dxc5 18. e5 c4 19. Be4 O-O-O 20. Rad1 Rxd1 21. Rxd1
Rd8 22. Rxd8+ Bxd8 23. Kg2 g6 24. Kf3 Be7 25. a4 b4 26. Bxb7+ Kxb7 27. Ne4 Kc6
28. b3 Kd5 29. Ke3 a5 30. Nd2 Bc5+ 31. Kf3 cxb3 32. cxb3 Kd4 33. Nc4 Kc3 34.
Nxa5 Bb6 35. Nc6 Kxb3 36. a5 Bc5 37. a6 Kc3 38. a7 Bxa7 39. Nxa7 b3 40. Nb5+
Kb4 41. Nd4 b2 42. Nc2+ Kb3 43. Nd4+ Kc3 44. Nb5+ Kb4 0-1

[Event "DVM U16 2020"]
[Site "Willingen GER"]
[Date "2021.06.26"]
[Round "6"]
[White "Bolz, Jannis"]
[Black "Dietlmeier, Tobias"]
[Result "0-1"]
[Termination "normal"]
[Board "10.2"]
[WhiteElo "1636"]
[BlackElo "1818"]
[WhiteTeam "Schachgemeinschaft Porz e. V."]
[BlackTeam "TV Tegernsee"]
[PlyCount "74"]
[WhiteFideId "16214897"]
[BlackFideId "16213963"]
[EventCountry "GER"]
[EventRounds "7"]
[EventType "team-swiss"]
[EventDate "2021.06.23"]

1. e4 c5 2. Nf3 d6 3. Nc3 Nf6 4. h3 g6 5. Bb5+ Bd7 6. O-O Bxb5 7. Nxb5 Nxe4 8.
Qe2 Nf6 9. d4 a6 10. Nc3 cxd4 11. Nxd4 Nc6 12. Nxc6 bxc6 13. Re1 Bg7 14. Bg5
Ra7 15. Qf3 O-O 16. Qxc6 Qb8 17. Rab1 Rc8 18. Qf3 Rb7 19. b3 Rc5 20. h4 Qc8 21.
Re3 Ng4 22. Ne4 Rxc2 23. Rd3 Ne5 24. Qe3 Nxd3 25. Qxd3 Rb4 26. Bxe7 Rc1+ 27.
Rxc1 Qxc1+ 28. Kh2 Qf4+ 29. Ng3 Bf6 30. Bxd6 Qxh4+ 31. Kg1 Rd4 32. Qxa6 Kg7 33.
Qb6 Rd1+ 34. Nf1 Bd4 35. Bg3 Qg4 36. Qb8 Rxf1+ 37. Kxf1 Qd1# 0-1

[Event "DVM U16 2020"]
[Site "Willingen GER"]
[Date "2021.06.26"]
[Round "6"]
[White "Cheredzhiyska, Iva"]
[Black "Kazimov, Alis"]
[Result "1/2-1/2"]
[Termination "normal"]
[Board "10.3"]
[WhiteElo "1601"]
[BlackElo "1341"]
[WhiteTeam "TV Tegernsee"]
[BlackTeam "Schachgemeinschaft Porz e. V."]
[PlyCount "84"]
[WhiteFideId "16241622"]
[BlackFideId "16255348"]
[EventCountry "GER"]
[EventRounds "7"]
[EventType "team-swiss"]
[EventDate "2021.06.23"]

1. e4 e5 2. Nf3 Nc6 3. d4 exd4 4. Nxd4 d6 5. Nc3 Nf6 6. Bc4 Be7 7. O-O O-O 8.
h3 Re8 9. Kh1 Nxd4 10. Qxd4 Be6 11. Bxe6 fxe6 12. e5 Nd7 13. exd6 cxd6 14. Qe4
Nc5 15. Qg4 Bf6 16. Re1 Bxc3 17. bxc3 Qf6 18. Qg3 e5 19. Ba3 b6 20. Rad1 Rad8
21. Bb2 d5 22. c4 Ne4 23. Rxe4 dxe4 24. Rxd8 Rxd8 25. Bxe5 Qg6 26. Qe3 Qf5 27.
Bd4 Rf8 28. c3 Qf4 29. Qe2 Rf5 30. Be3 Qd6 31. Qg4 Qg6 32. Qxe4 Rxf2 33. Qa8+
Rf8 34. Qxa7 Rf1+ 35. Bg1 Qf6 36. Qa8+ Kf7 37. Qd5+ Qe6 38. Qh5+ Kg8 39. Qh4
Qf6 40. Qg3 h6 41. Qd3 Qf2 42. Qd8+ Kh7 1/2-1/2

[Event "DVM U16 2020"]
[Site "Willingen GER"]
[Date "2021.06.26"]
[Round "6"]
[White "Kogan, Gabriel"]
[Black "Stoib, Marinus"]
[Result "1-0"]
[Termination "normal"]
[Board "10.4"]
[WhiteElo "1535"]
[BlackElo "1680"]
[WhiteTeam "Schachgemeinschaft Porz e. V."]
[BlackTeam "TV Tegernsee"]
[PlyCount "101"]
[WhiteFideId "16238265"]
[BlackFideId "12994901"]
[EventCountry "GER"]
[EventRounds "7"]
[EventType "team-swiss"]
[EventDate "2021.06.23"]

1. e4 d5 2. exd5 Qxd5 3. Nc3 Qd6 4. d4 Nf6 5. Nf3 c6 6. Ne5 Qd8 7. Bf4 Bf5 8.
Be2 e6 9. Bf3 Bb4 10. a3 Ba5 11. Nc4 Bc7 12. Bxc7 Qxc7 13. O-O O-O 14. Qe2 Nbd7
15. Rad1 Rfe8 16. Rfe1 h6 17. Ne4 Nd5 18. Ned6 Rf8 19. Nxf5 exf5 20. Qd3 g6 21.
Bxd5 cxd5 22. Ne5 Nxe5 23. Rxe5 Rad8 24. Rde1 Kg7 25. Qb3 Qc6 26. h3 Rd6 27.
Re7 Rd7 28. R7e5 Rc8 29. c3 Rcc7 30. h4 Kf6 31. Qc2 Re7 32. Qe2 Re6 33. Qe3 Kg7
34. Rxe6 fxe6 35. Qxe6 Qxe6 36. Rxe6 Rd7 37. Kf1 Kf7 38. Re5 Kf6 39. Ke2 g5 40.
hxg5+ hxg5 41. g3 Rd6 42. Kd3 Rb6 43. Kc2 Rd6 44. b3 g4 45. Kd3 Rb6 46. Kc2 Rd6
47. a4 Rd7 48. Kd3 Rh7 49. Rxd5 Rh2 50. Ke3 Rh7 51. Kf4 1-0

[Event "DVM U16 2020"]
[Site "Willingen GER"]
[Date "2021.06.27"]
[Round "7"]
[White "Mooser, Nicolas"]
[Black "Liebold, Aaron"]
[Result "1-0"]
[Termination "normal"]
[Board "1.1"]
[WhiteElo "2148"]
[BlackElo "1995"]
[WhiteClock "00:30:47"]
[BlackClock "00:27:30"]
[WhiteTeam "FC Ergolding 1932 e.V."]
[BlackTeam "ESV Gera"]
[PlyCount "83"]
[WhiteFideId "12979406"]
[BlackFideId "12997846"]
[EventCountry "GER"]
[EventRounds "7"]
[EventType "team-swiss"]
[EventDate "2021.06.23"]

1. d4 {[%clk 1:30:57]} 1... Nf6 {[%clk 1:30:51]} 2. c4 {[%clk 1:31:20]} 2... e6
{[%clk 1:31:15]} 3. g3 {[%clk 1:31:44]} 3... d5 {[%clk 1:31:32]} 4. Bg2 { [%clk
1:32:10]} 4... Be7 {[%clk 1:31:52]} 5. Nf3 {[%clk 1:32:35]} 5... O-O { [%clk
1:32:12]} 6. O-O {[%clk 1:33:00]} 6... b6 {[%clk 1:31:31]} 7. Nc3 { [%clk
1:31:14]} 7... Bb7 {[%clk 1:29:49]} 8. Ne5 {[%clk 1:30:06]} 8... Nbd7 { [%clk
1:20:05]} 9. cxd5 {[%clk 1:27:51]} 9... Nxd5 {[%clk 1:09:20]} 10. Nxd5 { [%clk
1:26:05]} 10... exd5 {[%clk 1:06:39]} 11. Nd3 {[%clk 1:24:52]} 11... Nf6 {[%clk
0:57:58]} 12. b4 {[%clk 1:23:22]} 12... Ne4 {[%clk 0:54:47]} 13. Qb3 { [%clk
1:14:27]} 13... Bf6 {[%clk 0:45:20]} 14. Be3 {[%clk 1:06:21]} 14... Re8 { [%clk
0:37:29]} 15. b5 {[%clk 0:59:01]} 15... Qd7 {[%clk 0:34:37]} 16. Rfc1 { [%clk
0:52:28]} 16... Nd6 {[%clk 0:29:07]} 17. Nf4 {[%clk 0:34:41]} 17... Ne4 { [%clk
0:17:34]} 18. a4 {[%clk 0:31:52]} 18... g5 {[%clk 0:13:49]} 19. Nd3 { [%clk
0:29:00]} 19... Rac8 {[%clk 0:12:34]} 20. Nb4 {[%clk 0:26:08]} 20... h5 { [%clk
0:07:04]} 21. Nc6 {[%clk 0:20:51]} 21... Bxc6 {[%clk 0:06:38]} 22. Rxc6 { [%clk
0:20:25]} 22... Kg7 {[%clk 0:06:33]} 23. Rac1 {[%clk 0:20:05]} 23... h4 { [%clk
0:06:27]} 24. Qd3 {[%clk 0:17:49]} 24... hxg3 {[%clk 0:06:09]} 25. hxg3 { [%clk
0:17:37]} 25... Bd8 {[%clk 0:05:16]} 26. Bd2 {[%clk 0:15:41]} 26... Qf5 { [%clk
0:04:09]} 27. Be1 {[%clk 0:14:08]} 27... g4 {[%clk 0:03:39]} 28. f3 { [%clk
0:11:00]} 28... gxf3 {[%clk 0:01:34]} 29. exf3 {[%clk 0:11:01]} 29... Nxg3
{[%clk 0:01:31]} 30. Qxf5 {[%clk 0:10:47]} 30... Nxf5 {[%clk 0:01:56]} 31. Bh3
{[%clk 0:10:57]} 31... Bg5 {[%clk 0:00:46]} 32. Bxf5 {[%clk 0:09:40]} 32...
Bxc1 {[%clk 0:01:06]} 33. Rxc1 {[%clk 0:09:14]} 33... Ra8 {[%clk 0:01:34]} 34.
Bg3 {[%clk 0:08:54]} 34... a6 {[%clk 0:01:22]} 35. Be5+ {[%clk 0:08:48]} 35...
Kf8 {[%clk 0:01:10]} 36. Bxc7 {[%clk 0:07:38]} 36... axb5 {[%clk 0:01:06]} 37.
axb5 {[%clk 0:07:02]} 37... Re2 {[%clk 0:00:51]} 38. Bxb6 {[%clk 0:05:35]}
38... Raa2 {[%clk 0:00:33]} 39. Bc7 {[%clk 0:05:12]} 39... Rg2+ {[%clk 0:00:36]
} 40. Kh1 {[%clk 0:05:30]} 40... Rg5 {[%clk 0:00:38]} 41. Bd6+ {[%clk 0:04:14]}
41... Kg7 {[%clk 0:27:30]} 42. Rg1 {[%clk 0:30:47]} 1-0